| 000 | 00897nam a2200229 i 4500 | ||
|---|---|---|---|
| 001 | 153311 | ||
| 003 | ES-MaACL | ||
| 005 | 20250829064107.0 | ||
| 008 | 931025s1783 po |||| | por d | ||
| 100 | 1 |
_aCouto, Diogo do. _941324 |
|
| 245 | 1 | 0 |
_aDa Asia de Diogo de Couto _b: dos feitos que os portuguezes fizeram na conquista e descubrimento das terras e mares do Oriente : decada setima, parte segunda. |
| 260 |
_aLisboa : _bna Regia Officina Typografica, _c1783. |
||
| 300 |
_a[20], 585 p. ; _c8º. |
||
| 500 | _aContinuación de Da Asia de João de Barros. | ||
| 597 | _aSign.: *8, 2*2, A-Z8, 2A-2N8, 2O5. | ||
| 597 | _aPort. con esc. xil. | ||
| 597 | _aGrab. xil. en p. 472. | ||
| 650 | 0 | 7 |
_aDescubrimientos geográficos portugueses _2embne _911832 |
| 700 | 1 |
_aBarros, João de, _d1496-1570 _926048 |
|
| 852 |
_aES-MaACL _jR-1971 _z-- Enc. hol. |
||
| 999 |
_c153311 _d153311 |
||